Govt. of
Madhya Pradesh

Fifty Years of English Literature 1900-1950 (Record no. 34729)

MARC details
000 -LEADER
fixed length control field 004680000a22001810004500
003 - CONTROL NUMBER IDENTIFIER
control field MACL
005 - DATE AND TIME OF LATEST TRANSACTION
control field 20160102163152.0
008 - FIXED-LENGTH DATA ELEMENTS--GENERAL INFORMATION
fixed length control field 160102b xxu||||| |||| 00| 0 eng d
040 ## - CATALOGING SOURCE
Original cataloging agency MACL
Transcribing agency MACL
041 ## - LANGUAGE CODE
Language code of text/sound track or separate title English
082 ## - DEWEY DECIMAL CLASSIFICATION NUMBER
Classification number 820/JAM
100 ## - MAIN ENTRY--PERSONAL NAME
Personal name James, R A Scott
9 (RLIN) 27352
245 ## - TITLE STATEMENT
Title Fifty Years of English Literature 1900-1950
260 ## - PUBLICATION, DISTRIBUTION, ETC. (IMPRINT)
Name of publisher, distributor, etc. Longmans Green And co,
Date of publication, distribution, etc. 1953
Place of publication, distribution, etc. London
350 ## - PRICE (NR) (BK AM CF MU VM SE) [OBSOLETE]
Price 26
650 ## - SUBJECT ADDED ENTRY--TOPICAL TERM
Topical term or geographic name as entry element Literature
9 (RLIN) 27353
942 ## - ADDED ENTRY ELEMENTS (KOHA)
Koha item type Books
Call number prefix 820/Jam
Source of classification or shelving scheme
Holdings
Withdrawn status Lost status Source of classification or shelving scheme Damaged status Not for loan Home library Current library Date acquired Total Checkouts Full call number Barcode Date last seen Uniform Resource Identifier Price effective from Koha item type
          MACL MACL 15/04/2015   820/Jam CLE006184 29/04/2015 34934 15/04/2015 Books